[Event "GMA2"]
[Site "Marianske Lazne CZE"]
[Date "2008.01.25"]
[Round "8"]
[White "Vokac,M"]
[Black "Hedman,E"]
[Result "1-0"]
[WhiteElo "2435"]
[BlackElo "2396"]

1.d4 Nf6 2.c4 e6 3.Nf3 c5 4.d5 exd5 5.cxd5 d6 6.Nc3 g6 7.Bg5 h6 8.Bh4 g5
9.Bg3 Nh5 10.Nd2 Nd7 11.e3 Nxg3 12.hxg3 a6 13.a4 Bg7 14.Qc2 Ne5 15.Be2 Qe7
16.a5 Rb8 17.Na4 O-O 18.Nb6 f5 19.f4 Nd7 20.Nxc8 Rbxc8 21.Ra3 c4 22.Bxc4 Nc5
23.O-O h5 24.Qb1 g4 25.Be2 b5 26.axb6 Rb8 27.b4 Rxb6 28.Kf2 Qb7 29.bxc5 Rxb1
30.Rxb1 Qa7 31.Rb6 dxc5 32.Raxa6 Qe7 33.Re6 Qb7 34.Reb6 Qe7 35.d6 Qd8 36.Rb7 Rf6
37.Raa7 Rg6 38.Nc4 h4 39.Ne5 hxg3+ 40.Kxg3  1-0

[Event "13th HIT Open A"]
[Site "Nova Gorica SLO"]
[Date "2008.01.26"]
[Round "1"]
[White "Gonda,L"]
[Black "Kokol,P"]
[Result "1-0"]
[WhiteElo "2507"]
[BlackElo "2254"]

1.d4 Nf6 2.c4 c5 3.d5 e6 4.Nc3 exd5 5.cxd5 d6 6.Nf3 g6 7.Nd2 Bg7 8.e4 O-O
9.Be2 Na6 10.O-O Nc7 11.a4 b6 12.Nc4 Ba6 13.Kh1 Re8 14.f3 Rb8 15.Bg5 Qd7
16.Qd2 Bxc4 17.Bxc4 a6 18.Bd3 Rb7 19.Rfb1 b5 20.axb5 axb5 21.b4 Reb8 22.Ra5 Nfe8
23.Be3 c4 24.Bc2 f5 25.Bd4 fxe4 26.Bxe4 Nf6 27.Rba1 Qf7 28.h3 Nd7 29.Ra7 Nb6
30.R1a3 Nc8 31.R7a5 Ne7 32.Bxg7 Qxg7 33.Ne2 Qe5 34.Nd4 Ncxd5 35.Nc6 Qe6 36.Nxe7+ Nxe7
37.Bxb7 Rxb7 38.Ra8+ Kf7 39.Re3 Qf6 40.Re4 c3 41.Qh6 Qg7 42.Qf4+ Nf5 43.g4 c2
44.gxf5 Qb2 45.fxg6+ Kg7 46.Qf8+  1-0

[Event "ch-Kyiv Men"]
[Site "Kyiv UKR"]
[Date "2008.01.28"]
[Round "8"]
[White "Vdovichenko,V"]
[Black "Zakharchenko,A"]
[Result "1/2-1/2"]
[WhiteElo "2208"]
[BlackElo "2309"]

1.d4 Nf6 2.c4 e6 3.Nf3 c5 4.d5 exd5 5.cxd5 d6 6.Nc3 g6 7.e4 Bg7 8.h3 O-O
9.Bd3 a6 10.a4 Nbd7 11.O-O Qc7 12.Bf4 Re8 13.Re1 Nh5 14.Bh2 Ne5 15.Be2 Qe7
16.Nxe5 Bxe5 17.Bxh5 Bxh2+ 18.Kxh2 Qe5+ 19.f4 Qxf4+ 20.Kh1 gxh5 21.Qxh5 Re5
22.Qe2 f5 23.Rf1 Qh6 24.Qf3 Bd7 25.exf5 Bxf5 26.Rae1 Rae8 27.Rxe5 Rxe5 28.Qg3+ Qg6
29.Qf2 Qe8 30.a5 Qe7 31.Kh2 Kg7 32.Na4 Bg6 33.Nb6 Rf5 34.Qe1 Qxe1 35.Rxe1 Kf6
36.Re6+ Kg5 37.Rxd6 Rf2 38.Re6 Rxb2 39.d6 Rd2 40.Nc4 Rd4 41.Re5+ Kf6 42.Rxc5 Be4
43.Rc7 Bc6 44.Ne3 h5 45.Rh7 Kg6 46.Rg7+ Kf6 47.Rh7 Kg6 48.Rg7+  1/2-1/2

[Event "ch-Kyiv Men"]
[Site "Kyiv UKR"]
[Date "2008.01.30"]
[Round "10"]
[White "Dobrzhanskaya,I"]
[Black "Matorin,E"]
[Result "1-0"]
[WhiteElo "2087"]
[BlackElo "2286"]

1.d4 Nf6 2.Nf3 e6 3.c4 c5 4.d5 exd5 5.cxd5 d6 6.Nc3 Be7 7.g3 O-O 8.Bg2 b6
9.O-O Re8 10.h3 Bf8 11.Nd2 Ba6 12.a4 Qd7 13.Re1 g6 14.e4 Bg7 15.Nf3 Qd8 16.Qc2 Nbd7
17.Bd2 Qb8 18.Rab1 Bc8 19.b4 cxb4 20.Nb5 Nc5 21.Nfd4 Bb7 22.Rxb4 a6 23.Nc3 Qc7
24.Qb1 Nfd7 25.Nc6 Rac8 26.Rd1 Bxc6 27.dxc6 Ne5 28.Nd5 Qxc6 29.Nxb6 Rcd8
30.Be3 a5 31.Rb5 Qc7 32.Nd5 Qa7 33.Bxc5 dxc5 34.Rb7 Qa8 35.Qb5 Qc8 36.Rb1 Nc6
37.Rc7 Nd4 38.Qxe8+  1-0

[Event "ch-Kyiv Men"]
[Site "Kyiv UKR"]
[Date "2008.01.30"]
[Round "10"]
[White "Vdovichenko,V"]
[Black "Chernozem,S"]
[Result "1-0"]
[WhiteElo "2208"]
[BlackElo "2080"]

1.d4 Nf6 2.c4 e6 3.Nf3 c5 4.d5 exd5 5.cxd5 d6 6.Nc3 Be7 7.e4 Na6 8.h3 O-O
9.Bd3 Nc7 10.O-O b5 11.Nxb5 Nxb5 12.Bxb5 Nxe4 13.Re1 Ng5 14.Nd2 h6 15.Nc4 f5
16.Bc6 Rb8 17.Bd2 Bf6 18.Ba5 Rb6 19.Nxb6 axb6 20.Bc3 f4 21.Qh5 Nf7 22.Re4 Bxc3
23.bxc3 Qf6 24.Rae1 Ne5 25.Rxe5 dxe5 26.Qxe5 Qg6 27.Be8 Qd3 28.d6 Rf5 29.Qe7 Rg5
30.Bc6 Bxh3 31.Qe8+ Kh7 32.Be4+  1-0

[Event "FINEC WGM"]
[Site "St Petersburg RUS"]
[Date "2008.02.01"]
[Round "9"]
[White "Gromova,I"]
[Black "Matseyko,K"]
[Result "1-0"]
[WhiteElo "2219"]
[BlackElo "2301"]

1.d4 Nf6 2.c4 c5 3.d5 e6 4.Nc3 exd5 5.cxd5 d6 6.Nf3 g6 7.h3 Bg7 8.e4 O-O
9.Bd3 a6 10.a4 Re8 11.O-O Nbd7 12.Bf4 Qe7 13.Re1 Nh5 14.Bh2 Ne5 15.Be2 Nxf3+
16.Bxf3 Nf6 17.e5 dxe5 18.d6 Qd8 19.Bxe5 Re6 20.Bf4 Qb6 21.Nd5 Nxd5 22.Bxd5 Rxe1+
23.Qxe1 Bf5 24.Qe7 Rf8 25.Rd1 Qxb2 26.d7 Bf6 27.Bxf7+ Rxf7 28.d8=Q+ Kg7 29.Qdf8+  1-0

[Event "4th Open C Women"]
[Site "Moscow RUS"]
[Date "2008.02.02"]
[Round "1"]
[White "Borisova,E"]
[Black "Shalukhina,T"]
[Result "1-0"]
[WhiteElo "2305"]
[BlackElo "1972"]

1.d4 Nf6 2.c4 c5 3.d5 e6 4.Nc3 exd5 5.cxd5 d6 6.Nf3 a6 7.a4 g6 8.h3 Nbd7
9.e4 Bg7 10.Bd3 O-O 11.O-O Rb8 12.Bf4 Qe7 13.Re1 Nh5 14.Bh2 Ne5 15.Be2 Nxf3+
16.Bxf3 Be5 17.Bxh5 Bxh2+ 18.Kxh2 Qe5+ 19.g3 gxh5 20.f4 Qf6 21.Qxh5 Qd4 22.Re2 b5
23.e5 Qd3 24.Ne4 Bf5 25.Ra3 Qd1 26.Nf6+ Kh8 27.Rae3 Qb1 28.g4 Bg6 29.Qh4 bxa4
30.f5  1-0

[Event "4th Open C Women"]
[Site "Moscow RUS"]
[Date "2008.02.05"]
[Round "4"]
[White "Dobrzhanskaya,I"]
[Black "Golubenko,Valen"]
[Result "1-0"]
[WhiteElo "2087"]
[BlackElo "2264"]

1.d4 Nf6 2.c4 c5 3.d5 e6 4.Nc3 exd5 5.cxd5 d6 6.Nf3 g6 7.g3 Bg7 8.Bg2 O-O
9.O-O a6 10.a4 Re8 11.Nd2 Nbd7 12.h3 Nh5 13.e4 Ne5 14.Nf3 Nxf3+ 15.Qxf3 b6
16.g4 Nf6 17.Bg5 Rb8 18.Rab1 h6 19.Bf4 g5 20.Bh2 b5 21.axb5 axb5 22.b4 c4
23.Rfe1 Qc7 24.Qg3 Nd7 25.Ne2 Ne5 26.Red1 Rb6 27.Rbc1 Qa7 28.Qe3 Ra6 29.Qxa7 Rxa7
30.Nd4 Bd7 31.Bf1 Ra4 32.Rb1 Rc8 33.Bg3 Ra2 34.Bxe5 Bxe5 35.Nf3 Bf4 36.Ra1 Rxa1
37.Rxa1 c3 38.Ne1 c2 39.Nxc2 Rxc2 40.Ra7 Bc8 41.Bxb5 Kg7 42.Be8 Rb2 43.b5 Kf6
44.Rxf7+ Ke5 45.Rc7 Kxe4 46.Rxc8 Ke5 47.Rc4  1-0

[Event "KNSB TCh-NED 2007-8"]
[Site "Netherlands NED"]
[Date "2008.02.09"]
[Round "6"]
[White "Goormachtigh,J"]
[Black "Janssen,Ru"]
[Result "1-0"]
[WhiteElo "2238"]
[BlackElo "2518"]

1.d4 Nf6 2.c4 e6 3.Nf3 c5 4.d5 d6 5.Nc3 exd5 6.cxd5 g6 7.h3 a6 8.a4 Qe7 9.g3 Bg7
10.Bg2 O-O 11.O-O Nbd7 12.Nd2 Nh5 13.Nc4 f5 14.e3 Ne5 15.Nb6 Rb8 16.Kh2 Qc7
17.a5 Bd7 18.f4 Nf7 19.Qd3 Rbe8 20.Bd2 Nf6 21.Rab1 Re7 22.Rfc1 Rfe8 23.b4 h5
24.bxc5 dxc5 25.Nc4 Nd6 26.Nxd6 Qxd6 27.Rb6 Qb8 28.d6 Re6 29.Bxb7 Qd8 30.Bxa6 h4
31.Rg1 Nh5 32.g4 fxg4 33.hxg4 Ng3 34.Bc4 Kh7 35.Rxg3 hxg3+ 36.Kxg3 Bxc3 37.Qxc3 g5
38.Qc2+ Kh6 39.Bxe6 Rxe6 40.Qxc5  1-0

[Event "FSGM February"]
[Site "Budapest HUN"]
[Date "2008.02.10"]
[Round "9"]
[White "Kosic,D"]
[Black "Leviczki,T"]
[Result "1-0"]
[WhiteElo "2511"]
[BlackElo "2396"]

1.d4 c5 2.d5 Nf6 3.Nf3 e6 4.c4 exd5 5.cxd5 d6 6.Nc3 g6 7.e4 Bg7 8.Bd3 O-O
9.h3 b5 10.O-O c4 11.Bc2 b4 12.Ne2 Nbd7 13.Be3 a5 14.Re1 Ba6 15.Bd4 Bb5 16.Qd2 Rc8
17.Rac1 Nc5 18.Ng3 Re8 19.a3 b3 20.Bb1 Qb6 21.Bc3 a4 22.Nd4 Ncd7 23.Kh1 Ba6
24.Nc6 Bb5 25.Bd4 Qa6 26.Na7 Rc7 27.Nxb5 Qxb5 28.f3 Rec8 29.Ne2 Nb8 30.Nc3 Qa5
31.Rcd1 Nbd7 32.f4 Nc5 33.e5 Ne8 34.Qe3 Qa6 35.e6 f5 36.Bxg7 Rxg7 37.g4 fxg4
38.hxg4 Nf6 39.g5 Ne8 40.f5 gxf5 41.Bxf5 Re7 42.Rg1 Ng7  1-0

[Event "FSGM February"]
[Site "Budapest HUN"]
[Date "2008.02.13"]
[Round "12"]
[White "Prohaszka,P2"]
[Black "Kristjansson,St"]
[Result "1-0"]
[WhiteElo "2495"]
[BlackElo "2476"]

1.d4 Nf6 2.c4 e6 3.Nf3 c5 4.d5 exd5 5.cxd5 d6 6.Nc3 g6 7.h3 a6 8.a4 Qe7 9.Nd2 Nbd7
10.e4 Bg7 11.Be2 O-O 12.O-O Ne8 13.Re1 g5 14.Nc4 Bd4 15.Bg4 Ne5 16.Nxe5 Qxe5
17.Bxc8 Rxc8 18.Qg4 Nf6 19.Qxg5+ Qxg5 20.Bxg5 Rfe8 21.Bxf6 Bxf6 22.a5 c4
23.Ra4 Rc5 24.Kf1 Bd8 25.Rea1 Kg7 26.f3 Kg6 27.Rb4 Re7 28.Raa4 Bxa5 29.Rxc4 Bb6
30.Rxc5 Bxc5 31.Ke2 h5 32.Kd3 Re8 33.b4 Bb6 34.b5 axb5 35.Rb4 Bc5 36.Rxb5 Re7
37.Na4 Bg1 38.Nb6 Kg5 39.Nc4 Bh2 40.Na5 f5 41.Rxb7 fxe4+ 42.fxe4 Re8 43.Nc4 Rg8
44.Ne3 Be5 45.Rf7 Rb8 46.Nc4 Rb3+ 47.Ke2 Bh2 48.Rd7 Kf4 49.Nxd6 Re3+ 50.Kd2 Rg3
51.Rf7+ Ke5 52.Nf5 Rxg2+ 53.Kd3 Ra2 54.Re7+ Kf4 55.d6  1-0

[Event "10th TCh-Euro sen"]
[Site "Dresden GER"]
[Date "2008.02.16"]
[Round "6"]
[White "Mira,H"]
[Black "Titz,Hei"]
[Result "1/2-1/2"]
[WhiteElo "2153"]
[BlackElo "2205"]

1.d4 Nf6 2.c4 e6 3.Nf3 c5 4.d5 exd5 5.cxd5 d6 6.Nc3 g6 7.Nd2 Nbd7 8.e4 Bg7
9.Be2 O-O 10.O-O a6 11.a4 Rb8 12.Nc4 Nb6 13.Na3 Bd7 14.Bf4 Ne8 15.a5 Nc8
16.Nc4 Bb5 17.Qc2 Bxc4 18.Bxc4 Na7 19.Rfe1 Qc7 20.Qe2 Rd8 21.e5 Bxe5 22.Bxe5 dxe5
23.Qxe5 Qxe5 24.Rxe5 Nd6 25.b3 Nab5 26.Na4 Nxc4 27.bxc4 Nd6 28.Nxc5 Rc8 29.Nd7 Nxc4
30.Re7 Rfd8 31.Nb6 Nxb6 32.axb6 Rb8 33.Rd1 Rd6 34.h4 Kg7 35.Rc1 Rxb6 36.Rcc7 Rf6
37.Rxb7 Rd8 38.Re5 h5 39.g3 Rc8 40.Re2 Rc1+ 41.Kg2 Rd1 42.Rd7 Rxd5 43.Ra7  1/2-1/2

[Event "XI Open"]
[Site "Malaga ESP"]
[Date "2008.02.23"]
[Round "1"]
[White "Mirzoev,A"]
[Black "Lobato,A"]
[Result "1-0"]
[WhiteElo "2518"]
[BlackElo "2036"]

1.d4 Nf6 2.c4 c5 3.d5 e6 4.Nc3 exd5 5.cxd5 d6 6.Nf3 g6 7.e4 Bg7 8.h3 O-O
9.Bd3 b5 10.Bxb5 Nxe4 11.Nxe4 Qa5+ 12.Nfd2 Qxb5 13.Nxd6 Qa6 14.N2c4 Nd7 15.O-O Nb6
16.Nxb6 Qxb6 17.Nxc8 Raxc8 18.Rb1 Rfd8 19.Bg5 Rd7 20.Qg4 f5 21.Qc4 Qd6 22.Rfd1 Re8
23.Bf4 Be5 24.Be3 Rc7 25.Re1 Bh2+ 26.Kh1 Re4 27.Qc2 Rce7 28.Red1 c4 29.Rd4 Rxd4
30.Bxd4 Qxd5 31.Rd1 Be5 32.Bxe5 Qxe5 33.Qxc4+ Kg7 34.b3 a5 35.Kg1 Rc7 36.Qd3 Rc3
37.Qd7+ Kh6 38.Qd2+ Kg7 39.Re1 Qc5 40.Qd7+ Kh6 41.Qd8 Qb4 42.Rd1 Rc2 43.g4 Qe4
44.Qh4+ Kg7 45.Rd7+  1-0

[Event "Breizh Masters A"]
[Site "Guingamp FRA"]
[Date "2008.02.27"]
[Round "6"]
[White "Flear,G"]
[Black "Janev,E"]
[Result "1-0"]
[WhiteElo "2493"]
[BlackElo "2485"]

1.d4 Nf6 2.c4 c5 3.d5 e6 4.Nc3 exd5 5.cxd5 d6 6.Nf3 Be7 7.g3 O-O 8.Bg2 Qa5
9.O-O b5 10.a3 b4 11.Na2 bxa3 12.Nc3 Na6 13.Rxa3 Qc7 14.Nd2 Nb4 15.Nc4 Rb8
16.b3 Nd7 17.Bf4 Ba6 18.Na5 Bf6 19.Ne4 Be5 20.Nc6 Rb6 21.Bxe5 dxe5 22.Ne7+ Kh8
23.d6 Qb8 24.Bh3 Bb7 25.Qb1 Bxe4 26.Qxe4 Rxd6 27.Nf5 Rb6 28.Rd1 Nf6 29.Qc4 g6
30.Ne3 Nc6 31.Qxc5 Nd4 32.Nc4 Rb5 33.Qxa7 Nxe2+ 34.Kf1 Nc3 35.Re1 Qxa7 36.Rxa7 Rxb3
37.Nxe5 Kg7 38.Be6 Rb2  1-0

[Event "TCh-BEL 2007-8"]
[Site "Belgium BEL"]
[Date "2008.03.02"]
[Round "10"]
[White "De Haan,E"]
[Black "Jens,J"]
[Result "1-0"]
[WhiteElo "2332"]
[BlackElo "2409"]

1.d4 Nf6 2.c4 e6 3.Nf3 c5 4.d5 d6 5.Nc3 exd5 6.cxd5 g6 7.Bf4 a6 8.e4 b5 9.Qe2 Be7
10.Qc2 O-O 11.Be2 Re8 12.Nd2 Bf8 13.a3 Nbd7 14.b4 Bb7 15.Rc1 Rc8 16.Qb3 Nb6
17.O-O Na4 18.Nxa4 bxa4 19.Qd3 cxb4 20.axb4 Rxc1 21.Rxc1 Qb8 22.Bd1 a3 23.Ba4 Re7
24.f3 a2 25.Bb3 Rc7 26.Nc4 Bc8 27.Bd2 a5 28.bxa5 Ba6 29.Bxa2 Qc8 30.Qf1 Nd7
31.Nb6 Nxb6 32.Rxc7 Qxc7 33.Qxa6 Qc5+ 34.Kf1 Nd7 35.Qc6 Qd4 36.Qc3 Qa4 37.Bb3 Qb5+
38.Qc4 Qb8 39.Bc3 Nc5 40.Qd4 f6 41.Qb4 Qc8 42.Bc4 f5 43.e5 dxe5 44.d6+  1-0

[Event "ch-Siberia"]
[Site "Novokuznetsk RUS"]
[Date "2008.03.18"]
[Round "6"]
[White "Oganisjn,R"]
[Black "Susliakov,D"]
[Result "1/2-1/2"]
[WhiteElo "2306"]
[BlackElo "2166"]

1.d4 Nf6 2.c4 c5 3.d5 e6 4.Nc3 exd5 5.cxd5 d6 6.Nf3 g6 7.Nd2 Bg7 8.Nc4 O-O
9.Bf4 Ne8 10.e3 g5 11.Bg3 f5 12.f4 Qe7 13.a4 Nd7 14.Be2 g4 15.O-O b6 16.Qb3 Ndf6
17.Bh4 Qf7 18.Rfd1 Bb7 19.a5 bxa5 20.Nxa5 Bc8 21.Nc6 a6 22.Na4 Bd7 23.Bc4 Nc7
24.Nxc5 Bxc6 25.dxc6 d5 26.Bxa6 Qe7 27.Rdc1 Rfb8 28.Qd3 Rxb2 29.Nd7 Qe6 30.Bxf6 Bxf6
31.Ra3 Be7 32.Ra5 Nxa6 33.Ne5 Rb6 34.Rca1 Bf6 35.Rxa6 Raxa6 36.Rxa6 Rxa6
37.Qxa6 Bxe5 38.fxe5 Qxe5 39.Qb6 Kf7 40.Qa7+ Ke8 41.Qd7+ Kf8 42.Qd8+ Kf7
43.Qd7+ Kf8  1/2-1/2

[Event "V Int"]
[Site "Los Llanos de Aridane ESP"]
[Date "2008.03.19"]
[Round "7"]
[White "Guramishvili,S"]
[Black "Adly,A"]
[Result "0-1"]
[WhiteElo "2300"]
[BlackElo "2551"]

1.d4 Nf6 2.c4 e6 3.Nf3 c5 4.d5 exd5 5.cxd5 d6 6.Nc3 a6 7.a4 g6 8.Nd2 Nbd7
9.Nc4 Nb6 10.Na3 Bd7 11.Bg5 Be7 12.e4 Nxe4 13.Nxe4 Bxg5 14.Nxd6+ Kf8 15.Nxb7 Qc7
16.Na5 Nxd5 17.N5c4 Re8+ 18.Be2 Nf4 19.Ne3 Rxe3 20.fxe3 Nxg2+ 21.Kf2 Nxe3
22.Qd3 Qf4+ 23.Ke1 Bxa4 24.Rg1 Bh4+ 25.Kd2 Nd5+  0-1

[Event "FKB ch-USA Qualifier"]
[Site "Tulsa USA"]
[Date "2008.03.28"]
[Round "1"]
[White "Zilberstein,Dm"]
[Black "Dejmek,M"]
[Result "1/2-1/2"]
[WhiteElo "2411"]
[BlackElo "2134"]

1.d4 Nf6 2.c4 c5 3.d5 e6 4.Nc3 exd5 5.cxd5 d6 6.Nf3 g6 7.Nd2 Bg7 8.e4 O-O
9.Be2 Re8 10.O-O Na6 11.f3 Nc7 12.Kh1 Rb8 13.a4 b6 14.Nc4 Ba6 15.Re1 Bxc4
16.Bxc4 Nd7 17.Be3 a6 18.Bf1 b5 19.Qd2 Ne5 20.Rab1 bxa4 21.Nxa4 Rb4 22.Qd1 Qh4
23.Re2 c4 24.Nc3  1/2-1/2

[Event "TCh-RUS w"]
[Site "Dagomys RUS"]
[Date "2008.04.04"]
[Round "3"]
[White "Sharevich,A"]
[Black "Dushenok,A"]
[Result "1-0"]
[WhiteElo "2311"]
[BlackElo "2191"]

1.d4 Nf6 2.c4 c5 3.d5 e6 4.Nc3 exd5 5.cxd5 d6 6.Nf3 g6 7.g3 Bg7 8.Bg2 O-O
9.O-O Bg4 10.Nd2 Qd7 11.a4 Bh3 12.e4 Bxg2 13.Kxg2 Ne8 14.Nc4 f5 15.f3 Na6
16.Bf4 Rd8 17.Qd2 Nac7 18.Bh6 Bxh6 19.Qxh6 Nf6 20.h3 fxe4 21.fxe4 Rde8 22.Rae1 b5
23.axb5 Nxb5 24.Nxb5 Qxb5 25.Qc1 Qd7 26.Qc3 Qe7 27.Nd2 Qe5 28.Qxe5 Rxe5 29.Re3 Kg7
30.Ref3 Re7 31.g4 Nd7 32.Rxf8 Nxf8 33.Ra1 Kf6 34.Kf3 g5 35.Ra6 Rd7 36.Nc4 Ke7
37.e5 dxe5 38.Ke4 Rb7 39.Nxe5 Nd7 40.Re6+ Kd8 41.Nf7+ Kc7 42.Rc6+ Kb8 43.Rd6 Rb4+
44.Kf5 Nb6 45.Rc6 Rxb2 46.Rxc5 Rb3 47.Nxg5 h6 48.Nf7 Rxh3 49.d6 Nd7 50.Rc7 Rf3+
51.Ke6 Nf8+ 52.Ke5 Ng6+ 53.Ke4 Rf4+ 54.Ke3 Rxf7 55.Rxf7 Ne5 56.Rf8+ Kb7 57.Ke4 Nd7
58.Rh8 Kc6 59.Rxh6 a5 60.Kd4 a4 61.Kc4 Ne5+ 62.Kd4 Nxg4 63.Rg6 Nf2 64.Rg2 Nh3
65.Ke5 a3 66.Rc2+ Kd7 67.Rc7+ Kd8 68.Ra7 Ng5 69.Rxa3 Kd7 70.Ra7+ Kd8 71.Kf5 Nf3
72.Rf7  1-0

[Event "IX Dos Hermanas Internet"]
[Site "ICC INT"]
[Date "2008.04.04"]
[Round "1.3"]
[White "Gormally,D"]
[Black "Almeida Quintana,O"]
[Result "1-0"]
[WhiteElo "2508"]
[BlackElo "2527"]

1.d4 Nf6 2.Nf3 c5 3.d5 e6 4.c4 exd5 5.cxd5 d6 6.Nc3 g6 7.e4 Bg7 8.h3 O-O
9.Bd3 a6 10.O-O b5 11.Re1 b4 12.Ne2 Nbd7 13.Bf4 Qc7 14.Ng3 Re8 15.Qd2 a5
16.Bh6 Ba6 17.Bxg7 Kxg7 18.Rac1 Bxd3 19.Qxd3 Re7 20.Nd2 Rae8 21.Nc4 h5 22.f3 Ne5
23.Nxe5 Rxe5 24.f4 R5e7 25.e5 Ng8 26.e6 fxe6 27.dxe6 Rxe6 28.Rxe6 Rxe6 29.f5 Re5
30.fxg6 Ne7 31.Rf1 Nxg6 32.Nf5+ Kg8 33.Nxd6 Re6 34.Nf7 Kg7 35.Ng5 Rf6 36.Re1 Nf4
37.Qe4 Kh6 38.h4 Qd7 39.Qe5 Qd4+ 40.Qxd4 cxd4 41.Rd1 d3 42.Ne4 Ne2+ 43.Kh2 Re6
44.Ng3 Rd6 45.Nf5+ Kg6 46.Nxd6 d2 47.Rxd2 Nc3 48.bxc3 bxc3 49.Rc2 a4 50.Nb5 a3
51.Nxc3 Kf5 52.Nb5 Kg4 53.Nxa3 Kf5 54.Nb5 Ke4 55.a4 Kd3 56.Rc3+ Kd2 57.a5 Ke2
58.a6 Ke1 59.a7 Kd2 60.a8=Q Kd1 61.Qd5+ Ke2 62.Qe4+  1-0

[Event "TCh-RUS w"]
[Site "Dagomys RUS"]
[Date "2008.04.06"]
[Round "5"]
[White "Gunina,V"]
[Black "Dushenok,A"]
[Result "1-0"]
[WhiteElo "2285"]
[BlackElo "2191"]

1.d4 Nf6 2.c4 e6 3.Nf3 c5 4.d5 exd5 5.cxd5 d6 6.Nc3 g6 7.e4 Bg7 8.Bd3 O-O
9.O-O Bg4 10.h3 Bxf3 11.Qxf3 Nbd7 12.Qg3 Nh5 13.Qh2 Be5 14.g3 Ng7 15.f4 Bd4+
16.Kh1 f5 17.Nb5 fxe4 18.Bxe4 Bf6 19.Bd3 Nb6 20.Nc3 c4 21.Bc2 Nd7 22.Be3 Nc5
23.g4 a6 24.Rad1 b5 25.a3 Qd7 26.Qf2 Rac8 27.Rfe1 a5 28.f5 gxf5 29.Bxc5 dxc5
30.gxf5 b4 31.Ne4 Bd4 32.Qg2 Rxf5 33.Nxc5 Bxc5 34.Bxf5 Qxf5 35.d6 Bb6 36.d7 Rf8
37.Rf1 Qe6 38.Rxf8+ Kxf8 39.d8=Q+ Bxd8 40.Rxd8+ Ke7 41.Rd5 Ne8 42.Rxa5 bxa3
43.Ra7+ Kf6 44.Qf3+ Kg6 45.Qg3+ Kf6 46.Rxa3 Nd6 47.Qh4+  1-0

[Event "6th V.Nabokov Mem"]
[Site "Kyiv UKR"]
[Date "2008.04.06"]
[Round "3"]
[White "Golichenko,I"]
[Black "Moliboga,V"]
[Result "1-0"]
[WhiteElo "2353"]
[BlackElo "2271"]

1.d4 Nf6 2.c4 c5 3.d5 e6 4.Nc3 exd5 5.cxd5 d6 6.Nf3 g6 7.g3 Bg7 8.Bg2 O-O
9.O-O Re8 10.Nd2 Nbd7 11.h3 a6 12.a4 Rb8 13.Nc4 Nb6 14.Na3 Bd7 15.e4 Nc8
16.Qd3 h6 17.Be3 g5 18.Kh2 g4 19.f3 gxf3 20.Rxf3 b5 21.axb5 axb5 22.Naxb5 Bxb5
23.Nxb5 Nd7 24.Rf5 Qb6 25.Na3 Ne5 26.Rxe5 dxe5 27.Nc4 Qb4 28.Bd2 Qb3 29.Bc3 f6
30.h4 Rd8 31.Ra3 Qb7 32.Ba5 Nd6 33.Bxd8 Rxd8 34.Na5 Qxb2 35.Nc6 c4 36.Qf3 Re8
37.Ra7 f5 38.Qh5 Rf8 39.Ne7+ Kh7 40.Qg6+ Kh8 41.Qxd6 f4 42.Ng6+ Kg8 43.Qe6+  1-0

[Event "82nd ch-ARG s/f"]
[Site "Buenos Aires ARG"]
[Date "2008.04.13"]
[Round "4"]
[White "Lemos,D"]
[Black "Iermito,S"]
[Result "1-0"]
[WhiteElo "2458"]
[BlackElo "2339"]

1.d4 Nf6 2.c4 c5 3.d5 e6 4.Nc3 exd5 5.cxd5 d6 6.Nf3 g6 7.g3 Bg7 8.Bg2 O-O
9.O-O Re8 10.h3 a6 11.a4 Nbd7 12.Nd2 Rb8 13.Nc4 Ne5 14.Na3 Nh5 15.e4 Qa5
16.Bd2 Qd8 17.Kh2 Bd7 18.f4 Nd3 19.Nc4 Qc7 20.Qf3 Nb4 21.e5 dxe5 22.fxe5 b5
23.axb5 axb5 24.Nd6 Rf8 25.Nxf7 Bxe5 26.d6 Qc8 27.Nd5 Nxd5 28.Qxd5 Bf6 29.Ng5+ Kh8
30.Ra7  1-0

[Event "26th Liechtenstein Open"]
[Site "Triesen LIE"]
[Date "2008.04.25"]
[Round "1"]
[White "Prakken,G"]
[Black "Jensen,Le2"]
[Result "1-0"]
[WhiteElo "2218"]
[BlackElo "1924"]

1.d4 Nf6 2.c4 c5 3.d5 e6 4.Nc3 exd5 5.cxd5 d6 6.Nf3 g6 7.Bf4 Bg7 8.Qa4+ Bd7
9.Qb3 Bc8 10.e4 O-O 11.Nd2 Nh5 12.Be3 f5 13.exf5 Bxf5 14.Be2 Nf6 15.h3 Na6
16.a3 Qe7 17.O-O Nc7 18.Rad1 b6 19.Rfe1 Rae8 20.a4 Qd8 21.Bf1 Nfxd5 22.Nxd5 Be6
23.Bc4 Nxd5 24.Bxd5 Qf6 25.Ne4 Qf7 26.Nxd6 Bxd5 27.Rxd5 Rxe3 28.Rxe3 Qxf2+
29.Kh2 Qf4+ 30.Rg3 Kh8 31.Qe3 Qxa4 32.Rf3  1-0

[Event "IX EICC"]
[Site "Plovdiv BUL"]
[Date "2008.04.26"]
[Round "6"]
[White "Rusev,K"]
[Black "Marholev,D"]
[Result "1-0"]
[WhiteElo "2516"]
[BlackElo "2400"]

1.d4 Nf6 2.c4 e6 3.Nf3 c5 4.d5 exd5 5.cxd5 d6 6.Nc3 g6 7.h3 a6 8.a4 Qe7 9.Bf4 Bg7
10.Nd2 O-O 11.Nc4 Rd8 12.e3 Ne8 13.Bd3 Nd7 14.O-O Rb8 15.e4 Ne5 16.Nxe5 Bxe5
17.Bxe5 Qxe5 18.Qe2 Nf6 19.f4 Qd4+ 20.Rf2 Re8 21.Rd1 Bf5 22.Qf1 Bg4 23.Rd2 Qe3
24.Bc2 c4 25.Qxc4 Bxh3 26.Re2 Qg3 27.Rf3 Qg4 28.Qd3 Nh5 29.Qe3 b5 30.axb5 axb5
31.Ref2 b4 32.Ne2 Bxg2 33.Rxg2 Qh4 34.Rh3 Qe1+ 35.Kh2 b3 36.Bd3 Nf6 37.Nc3 Qxe3
38.Rxe3 h5 39.Kg3 Ng4 40.Re1 Rb4 41.Nb5 Rd8 42.Ra1 f5 43.Re2 Nf6 44.exf5 gxf5
45.Nc3 h4+ 46.Kxh4 Rxf4+ 47.Kg5 Rg4+ 48.Kxf6 Rf8+ 49.Ke7  1-0

[Event "Victory Day A"]
[Site "Moscow RUS"]
[Date "2008.04.27"]
[Round "4"]
[White "Gavrilov,Al1"]
[Black "Mongontuul,B"]
[Result "1-0"]
[WhiteElo "2456"]
[BlackElo "2402"]

1.d4 Nf6 2.Nf3 c5 3.d5 e6 4.c4 exd5 5.cxd5 d6 6.Nc3 g6 7.h3 Bg7 8.e4 O-O
9.Bd3 Re8 10.O-O c4 11.Bc2 b5 12.a3 a6 13.Be3 Nbd7 14.Re1 Bb7 15.Qd2 Rc8
16.Rad1 Nc5 17.Bd4 Nfd7 18.Bxg7 Kxg7 19.Re3 Qf6 20.Nh2 Kh8 21.Ng4 Qg7 22.f4 Re7
23.Rde1 Rce8 24.e5 dxe5 25.d6 Re6 26.Nxe5 Nxe5 27.Rxe5 Rxe5 28.Rxe5 Rxe5
29.fxe5 Nd7 30.Qg5 Bc6 31.Qd8+ Qf8 32.Qxf8+ Nxf8 33.Be4 Bxe4 34.Nxe4 Nd7
35.Kf2 Kg7 36.Ke3 Nxe5 37.Kd4 Nc6+ 38.Kc5 Nd8 39.Kb6 f5 40.Ng5 Kf8 41.Nxh7+ Ke8
42.Kxa6 Nf7 43.Nf6+ Kd8 44.Kxb5 Nxd6+ 45.Kc5 Ke7 46.Nd5+ Kd7 47.h4 Ne4+ 48.Kxc4 Kd6
49.Nf4 g5 50.hxg5 Nxg5 51.b4 Ne4 52.a4 Nd2+ 53.Kd4 Ne4 54.g4 Ng5 55.gxf5 Nf3+
56.Ke4  1-0

[Event "26th Liechtenstein Open"]
[Site "Triesen LIE"]
[Date "2008.04.30"]
[Round "6"]
[White "Maurer,F"]
[Black "Bronznik,V"]
[Result "1-0"]
[WhiteElo "2050"]
[BlackElo "2373"]

1.d4 Nf6 2.c4 c5 3.d5 e6 4.Nc3 exd5 5.cxd5 d6 6.Nf3 g6 7.e4 a6 8.a4 Bg4 9.Be2 Bxf3
10.Bxf3 Bg7 11.Bf4 O-O 12.O-O Qe7 13.Re1 Nbd7 14.Qc2 Rfe8 15.h3 h5 16.a5 Nh7
17.Be3 Ng5 18.Bxg5 Qxg5 19.Na4 Bd4 20.Nb6 Ne5 21.Ra3 Rab8 22.Nc4 Nxc4 23.Qxc4 Bxb2
24.Rb3 Bd4 25.Reb1 Re7 26.Rb6 Qd2 27.Qf1 Qxa5 28.Rxa6 Qc7 29.Qb5 Rc8 30.Ra4 Qd8
31.Rc4 Ra8 32.Ra4 Qe8 33.Rxa8 Qxa8 34.Qb3 Qa5 35.Qb6 Qa2 36.Qd8+ Kg7 37.Rf1 Bf6
38.Qxd6 c4 39.Qc5 c3 40.d6 Re6 41.d7 Rc6 42.e5 Rxc5 43.exf6+ Kh7 44.d8=Q Rf5
45.Be4 Rf4 46.Bd5 Qa6 47.Bxf7 Qxf6 48.Qg8+ Kh6 49.Bb3 h4 50.Qe8 Qd4 51.Bc2 Qf6
52.Qe3 Qd4 53.Rd1 Qxe3 54.fxe3 Rc4 55.Rd4 Rc6 56.Rxh4+ Kg5 57.Rb4  1-0

[Event "ch-UZB"]
[Site "Tashkent UZB"]
[Date "2008.05.01"]
[Round "8"]
[White "Barsov,A"]
[Black "Kvon,A"]
[Result "1/2-1/2"]
[WhiteElo "2480"]
[BlackElo "2426"]

1.d4 Nf6 2.Nf3 e6 3.c4 c5 4.d5 exd5 5.cxd5 d6 6.Nc3 g6 7.h3 a6 8.a4 Qe7 9.Bf4 Nh5
10.Bh2 f5 11.a5 Bh6 12.Qa4+ Bd7 13.Qb3 Bc8 14.Qa4+ Bd7 15.Qb3 Bc8 16.Qa4+ Bd7  1/2-1/2

[Event "26th Liechtenstein Open"]
[Site "Triesen LIE"]
[Date "2008.05.02"]
[Round "8"]
[White "Mantovani,R"]
[Black "Goris,T"]
[Result "1-0"]
[WhiteElo "2354"]
[BlackElo "2049"]

1.d4 e6 2.c4 Nf6 3.Nf3 c5 4.d5 exd5 5.cxd5 d6 6.Nc3 g6 7.e4 Bg7 8.Bd3 O-O
9.h3 b5 10.Bxb5 Nxe4 11.Nxe4 Qa5+ 12.Nfd2 Qxb5 13.Nxd6 Qa6 14.N2c4 Nd7 15.O-O Nb6
16.Nxb6 Qxb6 17.Nxc8 Raxc8 18.Qf3 Rfd8 19.Bg5 Rd7 20.Qg4 Qd6 21.Rad1 Bd4
22.b4 Qxd5 23.bxc5 h5 24.Qf4 Rxc5 25.Bf6 Bxf2+ 26.Qxf2 Qxd1 27.Qxc5  1-0

[Event "3rd Cup"]
[Site "Berazategui ARG"]
[Date "2008.05.03"]
[Round "3"]
[White "Mahia,G"]
[Black "Aguilar,C"]
[Result "1-0"]
[WhiteElo "2432"]
[BlackElo "1959"]

1.d4 Nf6 2.c4 c5 3.d5 e6 4.Nc3 exd5 5.cxd5 d6 6.Nf3 g6 7.g3 Bg7 8.Bg2 O-O
9.O-O Re8 10.Nd2 Nbd7 11.h3 Qa5 12.a4 a6 13.Nc4 Qc7 14.Bf4 Bf8 15.Qc1 b6
16.Ra3 Rb8 17.Rb3 Nh5 18.Ne4 Nxf4 19.Qxf4 Ne5 20.Nf6+  1-0

[Event "FSGM May"]
[Site "Budapest HUN"]
[Date "2008.05.04"]
[Round "2"]
[White "Prohaszka,P2"]
[Black "Solomon,K"]
[Result "1/2-1/2"]
[WhiteElo "2506"]
[BlackElo "2317"]

1.d4 Nf6 2.c4 e6 3.Nf3 c5 4.d5 exd5 5.cxd5 d6 6.Nc3 g6 7.h3 Bg7 8.e4 O-O
9.Bd3 b5 10.Bxb5 Nxe4 11.Nxe4 Qa5+ 12.Nfd2 Qxb5 13.Nxd6 Qa6 14.N2c4 Rd8 15.Bf4 Nd7
16.O-O Nb6 17.Nxb6 Qxb6 18.Nxc8 Raxc8 19.Rb1 Qb7 20.d6 Bf8 21.Qd3 Bxd6 22.Bxd6 Rc6
23.Rfd1 Qd7 24.Qa3 Rxd6 25.Rxd6 Qxd6 26.Qxa7 Re8 27.a4 Qd4 28.a5 Re2 29.Qa8+ Kg7
30.a6 Qxf2+ 31.Kh2 h5 32.Qd5 Kh6 33.Rg1 h4 34.a7  1/2-1/2